Torschützenliste Fußball-Europameisterschaft 2008 - Statistiken

Allgemein
  • Dieses Quiz wurde 30 mal gespielt
  • Das Durchschnittsergebnis liegt bei 8 aus 18
Antwortstatistiken
Tore Mannschaft Spieler % Korrekt
4 Spanien David Villa
96%
3 Deutschland Lukas Podolski
92%
2 Spanien Fernando Torres
88%
2 Deutschland Miroslav Klose
88%
2 Deutschland Michael Ballack
75%
2 Deutschland Bastian Schweinsteiger
71%
2 Niederlande Robin van Persie
67%
2 Niederlande Wesley Sneijder
63%
2 Schweden Zlatan Ibrahimović
58%
2 Niederlande Ruud van Nistelrooy
54%
2 Türkei Arda Turan
25%
3 Schweiz Hakan Yakın
21%
2 Spanien Daniel Güiza
13%
2 Kraotien Ivan Klasnić
13%
3 Türkei Semih Şentürk
13%
2 Türkei Nihat Kahveci
8%
2 Russland Andrej Aršavin
0%
3 Russland Roman Pavljučenko
0%
Keine übereinstimmenden Quizze gefunden
Verteilung der Resultate
Anzahl Personen mit jedem Resultat
Perzentil nach korrekt beantworteten Fragen
Ihre Resultats-Entwicklung
Sie haben dieses Quiz noch nicht gespielt